[Event "Moscow RGGU op"]
[Site "Moscow"]
[Date "2019.04.13"]
[Round "5"]
[White "Kapitonov, Dmitry S"]
[Black "Shatunov, Leonid"]
[Result "0-1"]
[WhiteElo "1742"]
[BlackElo "1916"]
[PlyCount "26"]
[EventDate "2019.03.16"]
[EventType "swiss"]
[EventRounds "7"]
[EventCountry "RUS"]
[SourceTitle "CBM 190 Extra"]
[Source "ChessBase"]
[SourceDate "2019.07.15"]
[SourceVersion "1"]
[SourceVersionDate "2019.07.15"]
[SourceQuality "1"]

1. d4 e6 2. Nf3 f5 3. e3 Nf6 4. Bd3 b6 5. 0-0 Bb7 6. Nbd2 Be7 7. b3 0-0 8. Bb2 Ne4 9. c4 Rf6 10. Qc2 Nxd2 11. Nxd2 Bd6 12. h3 Rg6 13. g3 Qh4 0-1